History Quiz

Random History or War Quiz

U.S. War Battle Deaths Quiz Stats

 Plays Quiz not verified by Sporcle

Also try: Bush/Obama Facts
Challenge
Share
Tweet
Embed
Score 0/12 Timer 02:00
0 Plays Today
Rank War % Correct
2Civil War (1861-1865)
94.4%
1World War 2 (1941-1945)
93.7%
3World War I (1917-1918)
85.8%
4Vietnam War (1964-1975)
84.3%
5Korean War (1950-1953)
76.6%
6American Revolution (1775-1783)
57.2%
7Global War on Terror (2001-)
52.4%
8War of 1812
39.8%
11Spanish-American War
33.4%
9Mexican War (1846-1848)
33.1%
12Desert Shield/Desert Storm (1990-1991)
32.3%
10Indian Wars (approx. 1817-1898)
7.5%

You're not logged in!

Compare scores with friends on all Sporcle quizzes.
Join for Free
OR
Log In

You Might Also Like...

Show Comments

Extras

Top Quizzes Today


Score Distribution

Your Account Isn't Verified!

In order to create a playlist on Sporcle, you need to verify the email address you used during registration. Go to your Sporcle Settings to finish the process.

Report this User

Report this user for behavior that violates our Community Guidelines.

Details: